000 00432nam a22001457a 4500
999 _c23214
_d23214
003 NUST
020 _a9780470049624
038 _aNusrat Nadeem
082 _a615090015118 EKI
100 _aSean Ekins
_921400
245 _aComputational Toxicology Risk Assessment for Pharmaceutical & Environmental Chemicals
_cSean Ekins
260 _aCanada
_bWiley Series
_c2007
538 _iBioinformatics Lab (Photocopy Book)
942 _cBK
_2ddc